Ποιητική αλληλογραφία
Αποθηκεύτηκε σε:
| Κύριος συγγραφέας: | |
|---|---|
| Άλλοι συγγραφείς: | |
| Μορφή: | Βιβλίο |
| Γλώσσα: | Greek |
| Δημοσίευση: |
Λευκωσία :
Μορφωτική Υπηρεσία Υπουργείου Παιδείας,
1989
|
| Σειρά: | Κυπριακή λαϊκή ποίηση ;
; 6 |
| Θέματα: | |
| Ετικέτες: |
Προσθήκη ετικέτας
Δεν υπάρχουν, Καταχωρήστε ετικέτα πρώτοι!
|
MARC
| LEADER | 00000nam a2200000 i 4500 | ||
|---|---|---|---|
| 001 | 1/86749 | ||
| 008 | 970403s1989 gre d | ||
| 020 | |a 9963-0-0012-6 | ||
| 035 | |a 1993 |b 1 |c Δωρεά |l 10035057 | ||
| 040 | |a GR-MY-UA |b gre |e aacr | ||
| 041 | 0 | |a gre | |
| 082 | 0 | |a 889.6 | |
| 100 | 1 | |a Λιασίδης, Παυλος, |d 1901-1985. | |
| 245 | 1 | 0 | |a Ποιητική αλληλογραφία / |c Π. Λιασίδη, Χ. Δημοσθένους |
| 260 | |a Λευκωσία : |b Μορφωτική Υπηρεσία Υπουργείου Παιδείας, |c 1989 | ||
| 300 | |a 150 σ. | ||
| 490 | 1 | |a Κυπριακή λαϊκή ποίηση |v ; 6 | |
| 650 | 0 | 0 | |a Poets, Greek (Modern) |z Cyprus. |
| 650 | 0 | 0 | |a Speeches, addresses, etc. |
| 700 | 1 | |a Δημοσθένους, Χ. | |
| 830 | 0 | |a Κυπριακή λαϊκή ποίηση ; |v ; 6 | |
| 852 | |a INST |b RHODES |e 19970403 |h 889.6 ΛΙΑ |p 005400010276 |q 005400010276 |t BK |y 0 | ||
| 909 | |a Ρ |b 024661 |c 1993 | ||
| 970 | |z 2000/06/ΟΙΚΟΝΟΜΟΠΟΥΛΟΥ (SUBJECT) | ||